<?xml version="1.0" encoding="UTF-8"?><?xml-stylesheet type="text/xsl" href="static/style.xsl"?><OAI-PMH xmlns="http://www.openarchives.org/OAI/2.0/" xmlns:xsi="http://www.w3.org/2001/XMLSchema-instance" xsi:schemaLocation="http://www.openarchives.org/OAI/2.0/ http://www.openarchives.org/OAI/2.0/OAI-PMH.xsd"><responseDate>2026-04-18T06:38:22Z</responseDate><request verb="GetRecord" identifier="oai:riubu.ubu.es:10259/10414" metadataPrefix="marc">https://riubu.ubu.es/oai/request</request><GetRecord><record><header><identifier>oai:riubu.ubu.es:10259/10414</identifier><datestamp>2025-04-05T00:05:35Z</datestamp><setSpec>com_10259_7354</setSpec><setSpec>com_10259_7353</setSpec><setSpec>com_10259_2604</setSpec><setSpec>col_10259_7389</setSpec></header><metadata><record xmlns="http://www.loc.gov/MARC21/slim" xmlns:doc="http://www.lyncode.com/xoai" xmlns:xsi="http://www.w3.org/2001/XMLSchema-instance" xmlns:dcterms="http://purl.org/dc/terms/" xsi:schemaLocation="http://www.loc.gov/MARC21/slim http://www.loc.gov/standards/marcxml/schema/MARC21slim.xsd">
<leader>00925njm 22002777a 4500</leader>
<datafield tag="042" ind1=" " ind2=" ">
<subfield code="a">dc</subfield>
</datafield>
<datafield tag="720" ind1=" " ind2=" ">
<subfield code="a">Bustamante Díez, Lourdes</subfield>
<subfield code="e">author</subfield>
</datafield>
<datafield tag="260" ind1=" " ind2=" ">
<subfield code="c">2024</subfield>
</datafield>
<datafield tag="520" ind1=" " ind2=" ">
<subfield code="a">Este libro es el resultado de la colaboración entre un grupo de personas mayores y un grupo de estudiantes del Grado en Ciencia y Tecnología de los Alimentos, dentro del programa Aprendizaje-Servicio "Educación en alimentación en el adulto mayor" de la Universidad de Burgos.&#xd;
No pretende ser un recetario de comidas saludables, sino una recopilación de recetas que han querido compartir los adultos mayores y los estudiantes, contribuyendo así a evitar la pérdida de platos y técnicas tradicionales y a la transmisión de conocimiento. Este intercambio intergeneracional es enriquecedor tanto a nivel cultural como emocional.&#xd;
Para complementar este recetario se han añadido pinturas realizadas por adultos mayores, así como fotos tomadas por los alumnos durante la elaboración, demostrando que se come con los ojos.</subfield>
</datafield>
<datafield tag="024" ind2=" " ind1="8">
<subfield code="a">978-84-18465-95-6</subfield>
</datafield>
<datafield tag="024" ind2=" " ind1="8">
<subfield code="a">http://hdl.handle.net/10259/10414</subfield>
</datafield>
<datafield tag="024" ind2=" " ind1="8">
<subfield code="a">10.36443/9788418465956</subfield>
</datafield>
<datafield ind1=" " ind2=" " tag="653">
<subfield code="a">Programa de Aprendizaje y Servicio</subfield>
</datafield>
<datafield ind1=" " ind2=" " tag="653">
<subfield code="a">Personas mayores</subfield>
</datafield>
<datafield ind1=" " ind2=" " tag="653">
<subfield code="a">Estudiantes</subfield>
</datafield>
<datafield ind1=" " ind2=" " tag="653">
<subfield code="a">Ciencia y tecnología de los alimentos</subfield>
</datafield>
<datafield ind1=" " ind2=" " tag="653">
<subfield code="a">Valoración nutricional</subfield>
</datafield>
<datafield ind1=" " ind2=" " tag="653">
<subfield code="a">Recetas tradicionales</subfield>
</datafield>
<datafield tag="245" ind1="0" ind2="0">
<subfield code="a">Arte y ciencia de los alimentos</subfield>
</datafield>
</record></metadata></record></GetRecord></OAI-PMH>